00483nam a2200181Ia 4500999001500000003000400015005001700019008004100036020001800077040000900095082001800104100002800122245005100150260003600201300000900237650001300246942004200259 c9056d9056OSt20200827103050.0190216s9999||||xx |||||||||||||| ||und|| a9788126511426 coclc a005.54bWAL/M aWalkenbach, John 94374 0aMicrosoft Office Excel 2007 /cJohn Walkenbach bWiley India,c2008.aNew Delhi: a868p aComputer cBK2ddch005.54iWAL/Mk005.54mWAL/M